Vnútorné a vonkajšie faktory ovplyvňujúce existenciu neuznaných štátov - prípadová štúdia Abcházska diplomová práca

Uložené v:
Podrobná bibliografia
Hlavný autor: Dzurjuvová, Kamila
Korporativný autor: Fakulta medzinárodných vzťahov EU. Katedra medzinárodných politických vzťahov
Ďalší autori: Goda, Samuel
Médium: Kniha
Jazyk:Slovak
Vydavateľské údaje: Bratislava 2018
Tagy: Pridať tag
Žiadne tagy, Buďte prvý, kto otaguje tento záznam!

MARC

LEADER 00000nbm a2200000 4500
001 0244483
005 20180806114912.0
041 0 |a slo 
044 |a SK 
245 1 0 |a Vnútorné a vonkajšie faktory ovplyvňujúce existenciu neuznaných štátov - prípadová štúdia Abcházska  |b diplomová práca  |c Kamila Dzurjuvová ; školiteľ: Samuel Goda 
264 1 |a Bratislava  |c 2018 
300 |a 60 s. 
100 1 |a Dzurjuvová, Kamila 
700 1 |a Goda, Samuel 
710 2 |a Fakulta medzinárodných vzťahov EU. Katedra medzinárodných politických vzťahov